00782nam a2200217Ia 450000500170000000800410001702000180005808200200007624501120009625000190020830000270022765000450025465000450029965000350034470000340037926400280041333600270044133700330046833800280050104000350052920220317001205.0160825s2007 ck g 000 0 spa  a978958704101204a070.44861bA57a10aAntología de grandes crónicas colombianasbTomo I 1529-1948cseleccionado y prologado por Daniel Samper a2a. edición  a442 páginas c24 cm 142LEMBaCrónicas colombianas y1529-1948142LEMB aReportajes colombianosy1529-1948142LEMB aPeriodismozColombiano 1 aSamper Pizano, Daniela1945-  aBogotábAguilarc2007 atextobtxt2rdacontent asin mediaciónbn2rdamedia avolumenbnc2rdacarrier aCO-BoRNBPbspaerdacCO-BoRNBP